| 000 | 00726 a2200205 4500 | ||
|---|---|---|---|
| 010 | _aENG-88940 | ||
| 020 |
_a9780195690842 _c695.00 |
||
| 035 | _aEN-72473 | ||
| 037 | _bDBAD / PUB | ||
| 082 | 1 | 4 | _a790.209543 |
| 090 |
_c9695 _d9695 |
||
| 245 | 1 |
_aPerforming pasts : _breinventing the arts in modern South India / _cedited by Indira Viswanathan Peterson [and] Devesh Soneji |
|
| 260 |
_aNew Delhi _bOxford University Press _c2008 |
||
| 300 |
_axiii, 356p. ; _c22 cm (Hb) |
||
| 500 | _aIncludes index | ||
| 700 | _aIndira Viswanathan Peterson | ||
| 700 | _aSoneji, Davesh | ||
| 942 |
_adpl _cEN _k790.209543/ PER |
||
| 999 |
_c9518 _d9518 |
||